000 00566nam a2200193Ia 4500
003 GCL
008 140319s9999 xx 000 0 ara d
040 _aGCL /
_cGCL
082 0 4 _a301.242
_bا ع
100 1 _aالسيد ابو النجا
245 1 0 _aعروبتنا سنة 2000 /
_cالسيد ابو النجا
300 _a95 ص
490 _a100 قصة
_v0
650 0 4 _aالعالم العربى
650 0 4 _aالعادات والتقاليد
650 0 4 _aالاحوال الثقافية
650 0 4 _aالقومية العربية
942 _2ddc
_cBK
999 _c45015
_d45015